Advanced Engineering Mathematics/ (Record no. 174961)

MARC details
000 -LEADER
fixed length control field 00655nam a22001817a 4500
005 - DATE AND TIME OF LATEST TRANSACTION
control field 20200728154745.0
010 ## - LCCN (DPL NO)
LC control number ENG-128297
020 ## - INTERNATIONAL STANDARD BOOK NUMBER
Terms of availability 475.00
International Standard Book Number 9789352837182
035 ## - SYSTEM CONTROL NUMBER
System control number EN-111829
037 ## - SOURCE OF ACQUISITION
Source of stock number/acquisition DBAD/PUB
082 ## - DEWEY DECIMAL CLASSIFICATION NUMBER
Classification number 620.00151
Edition number 22ed.
100 ## - MAIN ENTRY--PERSONAL NAME
Personal name Dass,H K
245 ## - TITLE STATEMENT
Title Advanced Engineering Mathematics/
Statement of responsibility, etc by H K Dass
Remainder of title for the students of M.E.,B.E.and other engineering.Examinations
260 ## - PUBLICATION, DISTRIBUTION, ETC. (IMPRINT)
Place of publication, distribution, etc New Delhi
Name of publisher, distributor, etc S.Chand
Date of publication, distribution, etc 2019
270 ## - ADDRESS
Address Head Office:7361,Ram Nagar,Qutab Rord
City New Delhi
Postal code 110055
Telephone number 23672080
Fax number 91-11-23677446
Electronic mail address info@schandpublishing.com
300 ## - PHYSICAL DESCRIPTION
Extent xxvi;1410p.
Dimensions 24cm(pbk)
942 ## - ADDED ENTRY ELEMENTS (KOHA)
Source of classification or shelving scheme Dewey Decimal Classification
Item type English Books
Classification part 620.00151
Call number suffix DAS
Holdings
Withdrawn status Lost status Not for loan Collection code Home library Current library Date acquired Source of acquisition Cost, normal purchase price Full call number Barcode Copy number Cost, replacement price Koha item type
      Non-fiction Ashok Vihar Ashok Vihar 28/07/2020 DBAD/PUB 475.00 620.00151 DAS EN-111829 1 475.00 English Books

© Delhi Public Library
Hit Counter
free hit counter